500 MAIN COURSE RECIPES : (Record no. 171790)

MARC details
000 -LEADER
fixed length control field 01438nam a2200337 i 4500
001 - CONTROL NUMBER
control field C2-0237376
003 - CONTROL NUMBER IDENTIFIER
control field PPAK
005 - DATE AND TIME OF LATEST TRANSACTION
control field 20190325130611.0
008 - FIXED-LENGTH DATA ELEMENTS--GENERAL INFORMATION
fixed length control field 011220t20122012nyuo|||e ||||| | 0 eng d
020 ## - INTERNATIONAL STANDARD BOOK NUMBER
International Standard Book Number 9781781460276
Terms of availability RM44.90
Qualifying information paperback
040 ## - CATALOGING SOURCE
Original cataloging agency PPAK
Language of cataloging eng
Transcribing agency PPAK
Description conventions rda
082 04 - DEWEY DECIMAL CLASSIFICATION NUMBER
Classification number 641.54
Edition number 23
090 00 - LOCALLY ASSIGNED LC-TYPE CALL NUMBER (OCLC); LOCAL CALL NUMBER (RLIN)
Classification number (OCLC) (R) ; Classification number, CALL (RLIN) (NR) 641.54
Feature heading FLE
Feature heading G
100 1# - MAIN ENTRY--PERSONAL NAME
Personal name Fleetwood, Jenni
Relator term author
245 10 - TITLE STATEMENT
Title 500 MAIN COURSE RECIPES :
Remainder of title BEST-EVER DISHES FOR FAMILY MEALS, QUICK SUPPERS, DINNER PARTIES AND SPECIAL EVENTS, ALL SHOWN IN MORE THAN 500 TEMPTING PHOTOGRAPHS /
Statement of responsibility, etc. JENNI FLEETWOOD ; Editor : Joy Wotton, Jay Thundercliffe
246 3# - VARYING FORM OF TITLE
Title proper/short title FIVE HUNDRED MAIN COURSE RECIPES :
Remainder of title BEST-EVER DISHES FOR FAMILY MEALS, QUICK SUPPERS, DINNER PARTIES AND SPECIAL EVENTS, ALL SHOWN IN MORE THAN 500 TEMPTING PHOTOGRAPHS
264 #1 - PRODUCTION, PUBLICATION, DISTRIBUTION, MANUFACTURE, AND COPYRIGHT NOTICE
Place of production, publication, distribution, manufacture London, United Kingdom :
Name of producer, publisher, distributor, manufacturer greene&golden,
Date of production, publication, distribution, manufacture, or copyright notice 2012
Date of production, publication, distribution, manufacture, or copyright notice ©2012
300 ## - PHYSICAL DESCRIPTION
Extent 256 pages :
Other physical details colour photographs,
Dimensions 29 cm
336 ## - CONTENT TYPE
Source rdacontent
Content type term text
337 ## - MEDIA TYPE
Source rdamedia
Media type term unmediated
338 ## - CARRIER TYPE
Source rdacarrier
Carrier type term volume
500 ## - GENERAL NOTE
General note Jenni Fleetwood presents this collection of 500 main course recipes, suitable for all occasions from simple meals for one or two, to family feasts and special occasions.
504 ## - BIBLIOGRAPHY, ETC. NOTE
Bibliography, etc. note Includes index
650 10 - SUBJECT ADDED ENTRY--TOPICAL TERM
Topical term or geographic name entry element Main meal
General subdivision Recipes
Topical term or geographic name entry element Recipes
Topical term or geographic name entry element Cookery
700 1# - ADDED ENTRY--PERSONAL NAME
Personal name Wotton, Joy
Relator term editor
Personal name Thundercliffe, Jay
Relator term editor
942 ## - ADDED ENTRY ELEMENTS (KOHA)
Koha item type Book
Source of classification or shelving scheme Dewey Decimal Classification
Holdings
Withdrawn Not for loan Current library Shelving location Date acquired Total Checkouts Total Renewals Full call number Barcode Date last seen Date last checked out Koha item type
    Perpustakaan Alor Setar Pinjaman Dewasa 10/04/2019 4 1 641.54 FLE A01597555 15/10/2022 01/10/2022 Book
    Perpustakaan Kulim Pinjaman Dewasa 10/04/2019 3 1 641.54 FLE A01597557 31/01/2024 09/01/2024 Book
    Perpustakaan Langkawi Pinjaman Dewasa 10/04/2019 2 1 641.54 FLE A01597556 09/06/2022 08/06/2022 Book